000 00664nam a22002417a 4500
003 UA-OsUOA
001 80122
007 ta
008 20111129b un ||||| |||| 00| 0 ukr d
100 _aИльф И. А.
700 _aПетров Е. П.
090 _a821.161.1
_bИ48
942 _cBK
040 _aUA-OsUOA
_brus
_cUA-OsUOA
_dUA-OsUOA
245 _aДвенадцать стульев; Золотой теленок
_bроманы
300 _a636 с.
955 _a3
041 _arus
080 _a821.161.1
260 _aМ.
_bМысль
_c1982
650 7 _a82 Література. Літературознавство
_2UDC
999 _c366432
_d366432